Monopoly-kadut - Statistics

Yleistilastot
  • Tätä visaa on pelattu 79 kertaa
  • Keskiarvotulos 14 / 26
Vastaustilastot
hinta Kadun nimi % Oikein
400€ Erottaja
85%
350€ Mannerheimintie
79%
320€ Bulevardi
73%
300€ Eira
73%
220€ Annankatu
69%
200€ Pasilan Asema
65%
260€ Mikonkatu
63%
260€ Aleksanterinkatu
61%
120€ Esplanadi
55%
180€ Liisankatu
55%
60€ Korkeavuorenkatu
53%
240€ Simonkatu
52%
200€ Sörnäisten asema
52%
300€ Tehtaankatu
52%
60€ Kasarmikatu
47%
140€ Hämeentie
45%
220€ Lönnrotinkatu
45%
200€ Rautatieasema
45%
160€ Kaisaniemenkatu
44%
100€ Kauppatori
44%
200€ Tavara-Asema
44%
100€ Rantatie
35%
200€ Unioninkatu
35%
180€ Snellmaninkatu
34%
280€ Keskuskatu
27%
140€ Siltasaari
23%
Ehtoja vastaavia visoja ei löytynyt
Tulosjakauma
Jokaisen tuloksen saaneiden osuus
Persentiili vastausten määrän mukaan
Tuloshistoriasi
Et ole pelannut tätä visaa